Өрхийн эрүүл мэндийн төв дэхь эрүүл мэндийн нийгмийн ажилчны өнөөгийн байдал: (Record no. 6752)

MARC details
000 -LEADER
fixed length control field 01383nam a22002537a 4500
003 - CONTROL NUMBER IDENTIFIER
control field OSt
005 - DATE AND TIME OF LATEST TRANSACTION
control field 20210624164905.0
008 - FIXED-LENGTH DATA ELEMENTS--GENERAL INFORMATION
fixed length control field 161011b xxu||||| |||| 00| 0 eng d
040 ## - CATALOGING SOURCE
Transcribing agency Өрхийн эрүүл мэндийн төв дэхь эрүүл мэндийн нийгмийн ажилчны өнөөгийн байдал:
Original cataloging agency Анагаах ухааны төв номын сан
082 ## - DEWEY DECIMAL CLASSIFICATION NUMBER
Classification number 362.1
100 ## - MAIN ENTRY--PERSONAL NAME
Personal name Цэрэнпил Т.
9 (RLIN) 11879
245 ## - TITLE STATEMENT
Title Өрхийн эрүүл мэндийн төв дэхь эрүүл мэндийн нийгмийн ажилчны өнөөгийн байдал:
Remainder of title Бакалаврын зэрэг горилсон дипломын ажил
Statement of responsibility, etc. / ЭША-ын удирд: ФУ-ны д-р, проф. Х.Дамдинжав; ЭША-ын шүүмж: НЭМ-ийн магистр Г.Даваасүрэн.
260 ## - PUBLICATION, DISTRIBUTION, ETC.
Place of publication, distribution, etc. УБ.:
Name of publisher, distributor, etc. Эрхэс,
Date of publication, distribution, etc. 2013.
300 ## - PHYSICAL DESCRIPTION
Extent 37х.
504 ## - BIBLIOGRAPHY, ETC. NOTE
Bibliography, etc. note Номзүй х.34
505 ## - FORMATTED CONTENTS NOTE
Formatted contents note (ЭМШУИС)
546 ## - LANGUAGE NOTE
Хэл монгол
650 ## - SUBJECT ADDED ENTRY--TOPICAL TERM
Topical term or geographic name entry element өрхийн эрүүл мэнд
9 (RLIN) 11249
Topical term or geographic name entry element эрүүл мэндийн нийгмийн ажил
9 (RLIN) 11405
700 ## - ADDED ENTRY--PERSONAL NAME
Personal name Дамдинжав Х.
9 (RLIN) 3690
Personal name Даваасүрэн Г.
9 (RLIN) 5072
856 ## - Цахимаар унших
Цахимаар унших <a href="https://docs.google.com/forms/d/e/1FAIpQLSeI_coSIL0Pb9U2PsbEkAlWIoZBZw2bjNM-R5BdjWVQQyPubg/viewform">https://docs.google.com/forms/d/e/1FAIpQLSeI_coSIL0Pb9U2PsbEkAlWIoZBZw2bjNM-R5BdjWVQQyPubg/viewform</a>
Public note ТОВЧ ХУРААНГУЙ ҮЗЭХ
942 ## - ADDED ENTRY ELEMENTS (KOHA)
Source of classification or shelving scheme Dewey Decimal Classification
Koha item type Бакалаврын тезис
Holdings
Date last seen Inventory number Total Checkouts Full call number Barcode Date last checked out Price effective from Non-public note Koha item type Public note Lost status Source of classification or shelving scheme Damaged status Not for loan Withdrawn status Home library Current library Shelving location Date acquired Cost, normal purchase price
09/25/2023 1594 4 362.1 ATNS-BT00060 05/16/2023 10/11/2016 тоолов Бакалаврын тезис 2017.06.20 | 2019.06.20 | 2020.08.28 | 2022.09 | 2023.09.18 | 2024.02.15   Dewey Decimal Classification       Эрдэм шинжилгээний номын сан Эрдэм шинжилгээний номын сан Эрдэм шинжилгээний уншлагын танхим 10/11/2016 5000.00
09/18/2018 791   362.1 ATNS-CD00791   09/18/2018 Тоолов диск 2020.09.04   Dewey Decimal Classification       Эрдэм шинжилгээний номын сан Эрдэм шинжилгээний номын сан Цахим уншлагын танхим 09/18/2018 1000.00